| 000 | 00517nam a2200145Ia 4500 | ||
|---|---|---|---|
| 008 | 170221s9999 xx 000 0 und d | ||
| 100 | _aShakir Hafeez | ||
| 245 | _aCustomer Knowledge Management as a Success Driver for Business in Mobile Sector of Pakistan | ||
| 245 | _cShakir Hafeez, Li Lin Hong, Bilal Bin Saeed, Bilal Afsar | ||
| 260 | _bInternational Review of Management and Marketing | ||
| 260 | _c2016 | ||
| 300 | _a15 : 4 | ||
| 650 | _xMarketing. | ||
| 856 | _uhttp://www.econjournals.com/index.php/irmm | ||
| 999 |
_c311807 _d311807 |
||